000 00351 a2200157 4500
001 48457
020 _a9788526014640
040 _cAnchieta - Bela Vista
100 _aMachado, Ana Maria
240 1 0 _aO elfo e a sereia
_lpor
245 1 0 _aO elfo e a sereia
300 _a28
362 0 _a2010
650 4 _aLiteratura infanto-juvenil
942 _cBK
999 _c48457
_d48457